Estimación de parámetros y discriminación de modelos en cinética quimica : diseño de experiencias /
Guardado en:
| Otros Autores: | |
|---|---|
| Formato: | Manuscrito |
| Idioma: | Spanish |
| Publicado: |
1984.
|
| Materias: | |
| Etiquetas: |
Agregar Etiqueta
Sin Etiquetas, Sea el primero en etiquetar este registro!
|
| LEADER | 00975ntm a22002295a 4500 | ||
|---|---|---|---|
| 001 | EIQ.libpla002613 | ||
| 008 | 070705s1984####ag#a#####bm###000#0#spa#d | ||
| 005 | 20070705180846.0 | ||
| 245 | 1 | 0 | |a Estimación de parámetros y discriminación de modelos en cinética quimica : |b diseño de experiencias / |c Jorge Edgardo Gatica. |
| 260 | |c 1984. | ||
| 300 | |a xiv, 191 p. : |b il., tablas, figuras ; |c 21 cm. | ||
| 502 | |a Tesis (M.A.)--Universidad Nacional del Sur. Departamento de Ingeniería Química, 1984. | ||
| 500 | |a Director de tesis: Dr. José A. Romagnoli. | ||
| 504 | |a Incluye referencias bibliográficas. | ||
| 100 | 1 | |a Gatica, Jorge Edgardo. |4 dis | |
| 710 | 2 | |a Universidad Nacional del Sur (UNS). |b Dto. de Ingeniería Química |4 dgg. | |
| 650 | 4 | |a Procesos |x Tesis. | |
| 650 | 4 | |a Procesos |x Cinética química. | |
| 650 | 4 | |a Processes |x Thesis. | |
| 650 | 4 | |a Processes |x Chemical kinetics. | |
| 040 | |a AR-BbSID |b spa |c AR-BbSID | ||
| 859 | |a AR-BbSID |b BIB. PLAPIQUI |h 541.394 |i G 22 |p 2855 | ||
